000 005760000a22001810004500
003 MACL
005 20160413120408.0
008 160413b xxu||||| |||| 00| 0 eng d
040 _aMACL
_cMACL
041 _aHindi
082 _a610
100 _aआसोपा उमा
_952101
245 _aमंत्रों एवं वास्‍त्‍ुा द़वारा रोगोपचार
260 _aनई दिल्‍ली
_bआशा प्रकाशन
_c2012
350 _a250
650 _aमेडिकल
_952102
942 _cHIN
_k610
_2ddc
999 _c48280
_d48280